000 00975nam a22003377a 4500
001 BR9101684
003 BR-BrBNA
005 20230928093548.0
007 ta
008 230509b bl.||||| |||| 00| 0 por d
040 _aBR-BrBNA
_bpor
_cBiblioteca Nacional de Agricultura
041 _a(Por)
072 _aM12; Q54
_b8105
_b8956
090 _ 8105 BR9101684
100 1 _aVeiga, N.
110 1 _aEscola Superior de Agricultura Luiz de Queiroz, Piracicaba, SP (Brasil)
_0Tese (Mestrado)
245 1 _aAvaliacao de aglutinantes nutritivos em racoes para organismos aquaticos
260 3 _aPiracicaba, SP (Brasil):
_c1990.
300 _a61 p.
500 _aSummaries (Eng, Por); 30 ref.; 18 graphs
650 _aPEIXE DE AGUA DOCE
650 _aRACAO
650 _aAGLUTININA
650 _aFARELO
650 _aTRIGO
650 _aARROZ
650 _aGELATINA
650 _aCOMPOSICAO DE ALIMENTO
909 _a202309
_bLucia
_c55
_dLucia Elande
942 _cBK
999 _c45705
_d45705